000 00314nam a2200145Ia 4500
005 20251222175915.0
008 251222s9999||||xx |||||||||||||| ||spa||
020 _a8497054040
082 _a863/N94
100 _aNúñez Gómez, Ángel
245 0 _aAlarma
250 _a1ra.ed.
264 _bUPV
942 _cLIB
999 _c40469
_d40469